| 000 | 00530nam a22001817a 4500 | ||
|---|---|---|---|
| 005 | 20230117121810.0 | ||
| 008 | 200317b xxu||||| |||| 00| 0 eng d | ||
| 020 | _a9789387085978 | ||
| 041 | _aeng | ||
| 082 |
_a615.1 _bMOH-T |
||
| 100 |
_aMOHANTA ,GURU PRASAD _95244 |
||
| 245 |
_aTEXT BOOK OF FORENSIC PHARMACY FOR PHARMACY STUDENTS AND PROFESSIONALS _cGURU PRASAD MOHANTA |
||
| 250 | _a2'ND | ||
| 260 |
_aNEW DELHI _bCBS PUBLISHERS AND PUBLICATION _c2018 |
||
| 300 | _a267 | ||
| 650 |
_aPHARMCY _xD.PHARMA _97473 |
||
| 942 | _cBK | ||
| 999 |
_c6130 _d6128 |
||